| 000 | 01307nam a2200289 a 4500 | ||
|---|---|---|---|
| 003 | DO-SdBNP | ||
| 005 | 20240527202356.0 | ||
| 007 | ta | ||
| 008 | 221110e2017 dr ad||fr|||| 001 edspa d | ||
| 020 | _a9789945451047 | ||
| 040 |
_aDO-SdBNP _bspa _cBNPHU |
||
| 082 | 4 |
_222 _bS939c |
|
| 100 | 1 |
_980493 _aSuárez Mieses, Alfredo, _d1979- |
|
| 245 |
_aLa cooperación de la Unión Europea con la República Dominicana: _bcompetitividad y desarrollo sostenible _cAlfredo Suárez Mieses; Editor, Jesús R. Navarro Zerpa. |
||
| 260 |
_aSanto Domingo : _bMinisterio de Relaciones Exteriores, _c2017 |
||
| 300 |
_a614 p. : _bil., gráf. ; _c23 cm. |
||
| 490 |
_aMIREX-INESDYC, _v1 |
||
| 500 | _aIncluye biografía del autor en las cubiertas de las portadas. | ||
| 590 | _aInventariado 2022 / MF | ||
| 650 | 0 |
_a Relaciones económicas internacionales _vEnsayo, Conferencias, etc. _xRepública Dominicana _91067 |
|
| 650 | 0 |
_99357 _aDesarrollo Sostenible _vEnsayo, Conferencias, etc. _zRepública Dominicana |
|
| 650 | 0 |
_977648 _aCooperación internacional. _vEnsayo, Conferencias, etc. _zRepública Dominicana |
|
| 650 | 4 |
_912362 _aRelaciones Internacionales _zRepública Dominicana |
|
| 651 | 4 |
_aRepública Dominicana _vEnsayo, Conferencias, etc. _xRelaciones Exteriores _982795 |
|
| 910 | _aMFeliz | ||
| 942 |
_2ddc _cLBS1 |
||
| 999 |
_c52886 _d52886 |
||